Statistics for Anagram Equations #2 (World Locations)

Click here to take the quiz!

General Stats

  • This quiz has been taken 152 times
  • The average score is 11 of 20

Answer Stats

Hint + Answer % Correct
NIECEVVenice
94%
NINEBBenin
94%
WATTAOOttawa
82%
TUBAHNBhutan
73%
MEANIMaine
67%
OVERTMNVermont
62%
SENDYYSydney
59%
BOGANKKBangkok
59%
KOALASIVSlovakia
56%
ASHENTAthens
47%
SOUTHNOHouston
42%
BEAGLEDRBelgrade
42%
RHUMBAGHamburg
40%
RITUALSAIAustralia
40%
MALADYNRMaryland
38%
CRUDEAOEcuador
38%
KANSASHIKinshasa
35%
SULTANBIIstanbul
32%
PICADORGOPodgorica
29%
SCENARIOIMMicronesia
26%

Score Distribution

Percentile by Number Answered

Percent of People with Each Score

Your Score History

You have not taken this quiz